ბათუმის შოთა რუსთაველის სახელმწიფო უნივერსიტეტის ბიბლიოთეკა

ჯარისკაცის ჩანაწერები. (ბიბ.ჩანაწერი № 44044)

000 -LEADER
fixed length control field 00685nam a2200205Ia 4500
001 - CONTROL NUMBER
control field 10796
003 - CONTROL NUMBER IDENTIFIER
control field GE_BSU
008 - FIXED-LENGTH DATA ELEMENTS--GENERAL INFORMATION
fixed length control field 181216s||||||||xx |||||||||||||| ||und||
040 ## - CATALOGING SOURCE
Transcribing agency GE_BSU
080 ## - UNIVERSAL DECIMAL CLASSIFICATION NUMBER
Universal Decimal Classification number 821.353.1-94
100 ## - MAIN ENTRY--PERSONAL NAME
Personal name ქავთარაძე,გიორგი.
245 ## - TITLE STATEMENT
Title ჯარისკაცის ჩანაწერები.
245 ## - TITLE STATEMENT
Statement of responsibility, etc. რედ.თ.კოპლატაძე; მხატვ.გ.გელაშვილი.
260 ## - PUBLICATION, DISTRIBUTION, ETC.
Place of publication, distribution, etc. თბილისი.
260 ## - PUBLICATION, DISTRIBUTION, ETC.
Name of publisher, distributor, etc. ნაკადული.
260 ## - PUBLICATION, DISTRIBUTION, ETC.
Date of publication, distribution, etc. 1964.
300 ## - PHYSICAL DESCRIPTION
Extent 342გვ;20სმ.
653 ## - INDEX TERM--UNCONTROLLED
Uncontrolled term ჯარისკაცის ჩანაწერები.
942 ## - ADDED ENTRY ELEMENTS (KOHA)
Koha item type წიგნი
ეგზემპლარები
Withdrawn status Lost status Damaged status Not for loan Date acquired Barcode Date last seen Price effective from Koha item type
        2018-12-17 35283 2018-12-17 2018-12-17 წიგნი